| 000 | 00616nam a2200169 a 4500 | ||
|---|---|---|---|
| 001 | 2988 | ||
| 005 | 20140414132001.0 | ||
| 008 | 060103s19uu xx 00 eng d | ||
| 020 | _a0-439-56021-7 | ||
| 050 |
_aTR 372.4 _bPe41 2004 |
||
| 245 |
_aPerfect poems, Grades 5-6 : _bwith strategies for building fluency. |
||
| 260 |
_aNew York : _bScholastic Teaching Resources, _c2004. |
||
| 300 | _a72 p. ; ill. | ||
| 520 | _aEasy-to-read peoms with effective strategies to help students buiild word recognition, fluency, and comprehension. | ||
| 650 |
_aReading _xEnglish language _xJuvenile literature |
||
| 999 |
_c113074 _d113074 |
||